000 00739nam a2200265 4500
001 2000
010 _a9789720038173
021 _aPT
_b544223/25
090 _a2000
100 _a20251121d2025 m||y0pory50030103ba
101 _apor
102 _aPT
200 _aTransgressões
_fLouise Kennedy
_gtrad. Maria José Figueiredo
205 _a1ª edição
210 _aPorto
_cPorto Editora
_d2025
215 _a285, [1] p.
_d24 cm
300 _aBMB-Registado
304 _aTít. orig.: Trespasses
606 _91143
_aLiteratura Irlandesa
606 _9779
_aRomance
675 _a821.111(417)-31
_vBMB
_zpor
700 _aKennedy
_bLouise
_f1967-
_92877
702 _aFigueiredo
_bMaria José
_f1963-
_4727
_92858
801 _aPT
_bBMB
_gRPC
990 _cLIVROS